00629nam a22001697a 450000500170000001000130001702000260003003500110005603700130006708200110008010000220009124501220011324600820023526000520031727000670036930000230043620210917110346.0 aUR-11240 c500.00a9789390100897 aU-9795 bDBAD/PUB a848.88 aمحمد شميم aسيد حسن عسکر ی کے چند ا ر د و مقا لا ت کا تنقيد ی جا يز ہ cمحمد شميم aHasan Askari ke Chand Urdu Maqalat Ka Tanqeedi Jayzah (Urdu)bby Mohd. Shamim aN.Delhic2020 ءbEducational Publishing House  a3191, Vakil Street, Kucha Pandit Lal Kuan,b Delhie110006l - a312 ص c22 Cm(Hb)